| 000 | 00353nam a2200133Ia 4500 | ||
|---|---|---|---|
| 008 | 240624s9999 xx 000 0 und d | ||
| 041 | _aeng | ||
| 082 | _a158 BOR | ||
| 100 | _aBORG JAMES | ||
| 245 | _aMIND POWER CHANGE YOUR THINKING CHANGE Y | ||
| 260 |
_c2010 _aNew Delhi _bPearson Education |
||
| 300 | _axiv, : 272 : p. : cm. ; 21 | ||
| 365 |
_cRS _b30 |
||
| 999 |
_c18960 _d18960 |
||